Mezi ideálem a realitou: současný pokles porodnosti očima české populace
Hoci Česko malo v roku 2021 stále jednu z najvyšších mier plodnosti v Európe, v súčasnosti zažíva významný pokles plodnosti a neistotu ohľadom jej budúceho vývoja. Analýza súčasných reprodukčných zámerov žien a mužov v Česku, ideálne načasovanie rodičovstva a faktory ovplyvňujúce pokles plodnosti. P...
Saved in:
| Main Author: | |
|---|---|
| Other Authors: | |
| Format: | Book Chapter |
| Language: | Czech |
| Subjects: | |
| Tags: |
No Tags, Be the first to tag this record!
|
MARC
| LEADER | 00000naa a2200000 4500 | ||
|---|---|---|---|
| 001 | 0314771 | ||
| 005 | 20260205132221.1 | ||
| 041 | 0 | |a cze | |
| 044 | |a CZ | ||
| 245 | 1 | 0 | |a Mezi ideálem a realitou: současný pokles porodnosti očima české populace |c Eva Waldaufová, Anna Šťastná |
| 520 | |a Hoci Česko malo v roku 2021 stále jednu z najvyšších mier plodnosti v Európe, v súčasnosti zažíva významný pokles plodnosti a neistotu ohľadom jej budúceho vývoja. Analýza súčasných reprodukčných zámerov žien a mužov v Česku, ideálne načasovanie rodičovstva a faktory ovplyvňujúce pokles plodnosti. Pokles pôrodnosti ako komplexný problém. | ||
| 610 | 2 | 0 | |a plodnosť |
| 610 | 2 | 0 | |a rodičovstvo |
| 610 | 2 | 0 | |a demografia |
| 610 | 2 | 0 | |a prieskum |
| 610 | 2 | 0 | |a Česko |
| 100 | 1 | |a Waldaufová, Eva | |
| 700 | 1 | |a Šťastná, Anna | |